|
|
|
|
| LEADER |
01076nam a2200241 a 4500 |
| 001 |
175907 |
| 008 |
091121s1989 maua b 0000 0 eng d |
| 040 |
|
|
|a DJB
|c DJB
|d OCL
|d UMC
|
| 082 |
0 |
0 |
|a 338.7
|2 21
|
| 100 |
1 |
|
|a Otero, Mara̕.
|
| 245 |
1 |
0 |
|a Microenterprise assistance programs :
|b their benefits, costs, and sustainability /
|c Maria Otero.
|
| 260 |
|
|
|a Cambridge, MA :
|b ACCION International,
|c 1989
|
| 300 |
|
|
|a 28 p. :
|c 24 cm.
|
| 490 |
0 |
|
|a Discussion paper series / ACCION International ;
|v document no. 2
|
| 500 |
|
|
|a "April 1989."
|
| 504 |
|
|
|a Includes bibliographical references (p. 28)
|
| 541 |
1 |
|
|e 00004719
|
| 650 |
|
0 |
|a Informal sector (Economics)
|z Developing countries.
|x Finance.
|
| 650 |
|
0 |
|a Small business
|z Developing countries.
|x Finance.
|
| 830 |
0 |
|
|a Discussion paper series (ACCION International (Organization)) ;
|v no. 2.
|
| 852 |
4 |
|
|a Ayesha Abed Library
|j General Shelf
|
| 999 |
|
|
|c 5757
|d 5757
|
| 952 |
|
|
|0 0
|1 0
|2 ddc
|4 0
|6 338_700000000000000_OTE_1989
|7 0
|9 5696
|a BRACUL
|b BRACUL
|c GEN
|d 2009-11-22
|g 564.00
|l 0
|o 338.7 OTE
|p 3010004719
|r 2009-11-22
|t 1
|v 1128.00
|w 2009-11-22
|y BK
|